| 000 | 00352 a2200109 4500 | ||
|---|---|---|---|
| 001 | ART_5777 | ||
| 005 | 20260410161828.0 | ||
| 008 | 260409a | ||
| 245 | 1 | 0 | _aLos costos de transacción en la comercialización agropecuaria |
| 100 | 1 | _aBarbero, Andrea | |
| 773 | 0 |
_tEstudios Económicos _g- Vol. 23, Nº 46 (ene./jun. 2006) _wREV5080 |
|
| 999 |
_c22976 _d22976 |
||